I soliti ignoti /

保存先:
書誌詳細
第一著者: Umiliani, Piero (作曲家)
その他の著者: Monicelli, Mario (デイレクター), Gassman, Vittorio (俳優), Age (シナリオライター), Scarpelli, Furio (シナリオライター), Cecchi D'Amico, Suso (シナリオライター), Totò (俳優), Mastroianni, Marcello (俳優), Gravina, Carla (俳優), Cardinale, Claudia (俳優), Salvatori, Renato (俳優), Di Venanzo, Gianni (写真家)
フォーマット: スライド
言語:イタリア語
出版事項: Roma : L'Unità, 1996
シリーズ:Cinema Italia ; 6
タグ: タグ追加
タグなし, このレコードへの初めてのタグを付けませんか!

MARC

LEADER 00000ngm a22000007i 4500
001 IT\ICCU\RAV\0278984
003 ItRI
005 20260124182910.0
008 960913s1996 it |||||||||||||||k|||||c
040 |b ita 
041 7 |a ita  |2 ISO-639-2 
082 |a 791.43617  |9 CINEMA. FILM CON SPECIFICHE CARATTERISTICHE. Commedia  |2 20 
130 2 |a I soliti ignoti <film ; 1958>  |3 IT\ICCU\RAV\1139771 
245 0 2 |a I soliti ignoti /  |c regia di Mario Monicelli ; soggetto di Age, Furio Scarpelli ; sceneggiatura di Age, Furio Scarpelli, Suso Cecchi D'Amico, Mario Monicelli ; direttore della fotografia Gianni Di Venanzo; musiche di Piero Umiliani. 
260 |a Roma :  |b L'Unità,  |c 1996 
300 |a 1 videocassetta (VHS) (ca. 103 min.) :  |b b/n, 19 cm +  |e 1 pieghevole ([8] p. ill : 17 x 40 cm, ripiegato, 17 x 10 cm) 
500 |a Tit. del contenitore 
500 |a Film del 1958, © Italia; interpreti: Vittorio Gassman, Renato Salvatori, Carla Gravina, Claudia Cardinale, Marcello Mastroianni, Totò 
500 |a Pubblicato e distribuito su autorizzazione RCS 
500 |a Suppl. a: L'Unità n. 160, del 06/07/1996 
500 |a Data e luogo desunti da fascicolo pieghevole allegato 
500 |a Testi di Ugo Casiraghi. 
700 1 |a Monicelli, Mario  |0 IT\ICCU\CFIV\020193  |4 drt 
700 1 |a Gassman, Vittorio  |0 IT\ICCU\CFIV\025170  |4 act 
700 0 |a Age  |0 IT\ICCU\CFIV\038076  |4 sce 
700 1 |a Scarpelli, Furio  |0 IT\ICCU\CFIV\038078  |4 sce 
700 1 |a Cecchi D'Amico, Suso  |0 IT\ICCU\CFIV\047313  |4 sce 
700 0 |a Totò  |0 IT\ICCU\RAVV\067754  |4 act 
700 1 |a Mastroianni, Marcello  |0 IT\ICCU\RAVV\088390  |4 act 
700 1 |a Gravina, Carla  |0 IT\ICCU\RAVV\088762  |4 act 
700 1 |a Cardinale, Claudia  |0 IT\ICCU\RAVV\089055  |4 act 
700 1 |a Salvatori, Renato  |0 IT\ICCU\RAVV\089391  |4 act 
700 1 |a Umiliani, Piero  |0 IT\ICCU\UBOV\710346  |4 cmp 
700 1 |a Di Venanzo, Gianni  |0 IT\ICCU\URBV\205175  |4 pht 
790 1 |a Gasmann, Vittorio  |3 IT\ICCU\SBNV\002761  |z Gassman, Vittorio 
790 1 |a Gassmann, Vittorio  |3 IT\ICCU\SBNV\026065  |z Gassman, Vittorio 
790 1 |a Incrocci, Agenore  |3 IT\ICCU\CFIV\038077  |z Age 
790 0 |a Scarpelli  |3 IT\ICCU\UBOV\482208  |z Scarpelli, Furio 
790 1 |a D'Amico, Susi  |3 IT\ICCU\SBNV\001720  |z Cecchi D'Amico, Suso 
790 1 |a Cecchi, Giovanna  |3 IT\ICCU\SBNV\027907  |z Cecchi D'Amico, Suso 
790 1 |a De Curtis, Antonio  |3 IT\ICCU\RAVV\067755  |z Totò 
790 1 |a Cardinale, Claude Josephine Rose  |3 IT\ICCU\SBNV\001632  |z Cardinale, Claudia 
790 0 |a Zalla  |3 IT\ICCU\SBNV\055851  |z Umiliani, Piero 
830 0 |a Cinema Italia ;  |v 6  |0 IT\ICCU\RAV\0278975 
942 |2 ddc  |c VM  |n 0 
952 |0 0  |1 0  |4 0  |6 VO_871_000000000000000  |7 0  |9 27755  |a BO  |b BO  |d 2026-01-24  |i 7833  |l 0  |o VO 871  |p BO7833  |r 2026-01-24 18:29:10  |w 2026-01-24  |x [Sebina 5] [1 videocassetta]  |y VM  |z 1 videocassetta 
999 |c 23526  |d 23526